00553nam a22001577a 450000500170000002000230001703500120004003700130005224500870006526000500015230000190020270000280022194200180024999900170026795201110028420120502131657.0 a8187848014c355.00 aB-60633 aDPLbENG aIndia-Africa relations prospects in the new millennium /cedited by Uma Shakar Jha aDelhibAssociation of Indian Africanistc2001 a208p.c20 cms. aJha, Uma Shakar 946218 2ddccENh327. c65994d65994 001040708NFICaZLSbZLSd2012-05-02g355.00l0o327.5406 INDpB-060633r2012-05-02 00:00:00v355.00yEN